Langues les plus parlées - Mort subite - Statistiques

Statistiques générales
  • Ce quiz a été pris 1 148 fois
  • Le résultat moyen est 8 sur 15
Answers on the Grid
Answers color-coded by a green-red scale on the quiz's grid according to % correct below.
Anglais
Polonais
Arabe standard moderne
Lingala
Suédois
Kazakh
Serbo-croate
Islandais
Portugais
Russe
Hindi
Hongrois
Français
Mandarin
Esperanto
Japonais
Bhodjpouri
Hébreu
Italien
Quechua
Roumain
Wu
Turc
Marathi
Ouzbek
Espagnol
Zoulou
Bulgare
Xhosa
Allemand
 
Statistiques - réponses
Réponse % Correct
Anglais
99%
Français
81%
Espagnol
79%
Arabe standard moderne
75%
Russe
73%
Mandarin
70%
Portugais
63%
Allemand
60%
Japonais
56%
Hindi
52%
Italien
45%
Turc
42%
Wu
11%
Marathi
5%
Bhodjpouri
4%
Aucun quiz correspondant
Distribution des résultats
% des personnes avec chaque résultat
Percentile par nombre de réponses
Votre historique - résultats
Vous n’avez pas pris ce quiz